00645nam a22001817a 450000500170000001000150001702000270003203500140005903700090007308200160008210000270009824501200012526000660024527000600031130000290037170000350040070000280043520240521155313.0 aENG-140434 a9789392038419c1395.00 aEN-123966 bDBAD a305.8009541 aChakraborty, Dipannita aTransitional Aspects of Indigenous People:bNorth East India/cEdited by Dipannita Chakraborty [and] Rita Das Nayak aAssambEBH Publishers, an imprint of Eastern Book Housec2022 a136, M.L. Nehru Road, Panbazar, GuwahatibAssame781001 aviii, 170 p.c24cm, (hb} aChakraborty, DipannitaeEditor aNayak, Rita DaseEditor